[Event "Hannibal Online op U12"]
[Site "Chess.com INT"]
[Date "2020.06.01"]
[Round "1"]
[White "Olinici, Ana Theodosia"]
[Black "Eropunov, Gleb"]
[Result "0-1"]
[WhiteElo "1142"]
[BlackElo "1899"]
[PlyCount "110"]
[EventDate "2020.06.01"]
[EventType "swiss"]
[EventRounds "9"]
[EventCountry "MDA"]
[SourceTitle "CBM 196 Extra"]
[Source "ChessBase"]
[SourceDate "2020.07.31"]
[SourceVersion "1"]
[SourceVersionDate "2020.07.31"]
[SourceQuality "1"]

1. e4 e6 2. d4 d5 3. Bd3 dxe4 4. Bxe4 Nf6 5. Bf3 c6 6. Nc3 Nbd7 7. Be3 Bd6 8. Nge2 e5 9. dxe5 Nxe5 10. Be4 Qc7 11. h3 0-0 12. Rb1 h6 13. 0-0 Rd8 14. Qc1 Nc4 15. Bd4 Be5 16. Bxe5 Qxe5 17. Bd3 Nb6 18. Re1 Qd6 19. Qe3 Re8 20. Qf3 Nbd5 21. Nxd5 Qxd5 22. Qxd5 Nxd5 23. c3 Bd7 24. Ng3 g6 25. Kf1 f5 26. Rbd1 Kg7 27. Bc4 Nb6 28. Bb3 Rxe1+ 29. Rxe1 Re8 30. Rxe8 Bxe8 31. Ke2 Kf6 32. Ke3 c5 33. Bd1 Nc4+ 34. Ke2 Nxb2 35. Bb3 Bb5+ 36. Kd2 Nc4+ 37. Kc2 Nb6 38. f4 c4 39. Kb2 cxb3 40. Kxb3 Bc6 41. Ne2 Bxg2 42. h4 g5 43. hxg5+ hxg5 44. Kc2 g4 45. Ng3 Nd5 46. Ne2 Bf3 47. Ng1 Nxf4 48. Nxf3 gxf3 49. Kd2 f2 50. Ke3 f1Q 51. Kd4 Qd3+ 52. Kc5 Qd5+ 53. Kb4 a5+ 54. Ka3 Qb5 55. c4 Qb4# 0-1

[Event "FISCA Online U14 op"]
[Site "Chess.com INT"]
[Date "2020.05.15"]
[Round "7"]
[White "Olinici, Ana Theodosia"]
[Black "Dima, Ioan Radu"]
[Result "1/2-1/2"]
[WhiteElo "1142"]
[BlackElo "1486"]
[PlyCount "92"]
[EventDate "2020.05.09"]
[EventType "swiss"]
[EventRounds "9"]
[EventCountry "ROU"]
[SourceTitle "EXT 2021"]
[Source "ChessBase"]
[SourceDate "2020.10.23"]
[SourceVersion "1"]
[SourceVersionDate "2020.10.23"]
[SourceQuality "1"]

1. e4 c6 2. d4 d5 3. Nc3 dxe4 4. Nxe4 Bf5 5. Ng3 Bg6 6. h4 h6 7. Nf3 Nd7 8. Bd3 Bxd3 9. Qxd3 Ngf6 10. Bd2 e6 11. 0-0-0 Qc7 12. Rhe1 0-0-0 13. Qe2 Kb8 14. c4 Ka8 15. Bc3 Nb6 16. Ba5 Qf4+ 17. Kb1 Rc8 18. Qc2 Nbd7 19. Qd2 Qxd2 20. Rxd2 Bd6 21. Ne4 Nxe4 22. Rxe4 Nf6 23. Re1 b6 24. Bc3 b5 25. cxb5 cxb5 26. Rde2 Nd5 27. Bd2 Bf4 28. Rc1 Rxc1+ 29. Kxc1 Rc8+ 30. Kd1 Bxd2 31. Rxd2 b4 32. g3 a5 33. Rc2 Rxc2 34. Kxc2 Kb7 35. Kd3 Kb6 36. Kc4 a4 37. Ne5 f6 38. Nd3 Ka5 39. Kc5 a3 40. bxa3 bxa3 41. Kc4 Nc7 42. Kc5 Nb5 43. Nc1 Ka4 44. f3 g5 45. h5 f5 46. g4 fxg4 1/2-1/2

[Event "ROM-ch U10 Girls"]
[Site "Calimanesti Caciulata"]
[Date "2019.04.20"]
[Round "7.12"]
[White "Olinici, Ana Theodosia"]
[Black "Bugan, Maria Teodora"]
[Result "1-0"]
[WhiteElo "1078"]
[BlackElo "1018"]
[PlyCount "55"]
[EventDate "2019.04.15"]
[EventType "swiss"]
[EventRounds "9"]
[EventCountry "ROU"]
[SourceTitle "EXT 2024"]
[Source "ChessBase"]
[SourceDate "2023.10.10"]
[SourceVersion "1"]
[SourceVersionDate "2023.10.10"]
[SourceQuality "1"]

1. e4 e5 2. Nf3 Nc6 3. Bc4 Be7 4. d3 Nf6 5. Nbd2 0-0 6. Nf1 d5 7. exd5 Nxd5 8. Ng3 Re8 9. h3 a6 10. a3 b5 11. Ba2 Rb8 12. 0-0 Nd4 13. Nxe5 Bd6 14. Nc6 Nxc6 15. Qf3 Nde7 16. Bxf7+ Kh8 17. Bh6 Ng6 18. Bxe8 Qxe8 19. Rfe1 Qf8 20. Qxc6 Bb7 21. Qc3 b4 22. Qd4 Bc5 23. Bxg7+ Qxg7 24. Qxc5 bxa3 25. Rxa3 Qd7 26. Nh5 Qd8 27. Qc3+ Kg8 28. Qg7# 1-0

[Event "ROM-ch U10 Girls"]
[Site "Calimanesti Caciulata"]
[Date "2019.04.17"]
[Round "4.13"]
[White "Asavinei, Alexandra"]
[Black "Olinici, Ana Theodosia"]
[Result "1/2-1/2"]
[WhiteElo "1001"]
[BlackElo "1078"]
[PlyCount "51"]
[EventDate "2019.04.15"]
[EventType "swiss"]
[EventRounds "9"]
[EventCountry "ROU"]
[SourceTitle "EXT 2024"]
[Source "ChessBase"]
[SourceDate "2023.10.10"]
[SourceVersion "1"]
[SourceVersionDate "2023.10.10"]
[SourceQuality "1"]

1. d4 Nf6 2. Nf3 c5 3. dxc5 Qa5+ 4. Bd2 Qxc5 5. Nc3 g6 6. e3 d6 7. Be2 Bg4 8. 0-0 Bxf3 9. Bxf3 Qc7 10. Nb5 Qb6 11. Qe2 Nbd7 12. a4 Ne5 13. Qe1 Nxf3+ 14. gxf3 a6 15. Ba5 Qc6 16. Nc7+ Kd7 17. Nxa8 Qxf3 18. Nb6+ Ke8 19. Qb4 Qh3 20. Qc4 Qf5 21. Qc7 Qg4+ 22. Kh1 Qf3+ 23. Kg1 Qg4+ 24. Kh1 Qf3+ 25. Kg1 Qg4+ 26. Kh1 1/2-1/2

[Event "ROM-ch U10 Girls"]
[Site "Calimanesti Caciulata"]
[Date "2019.04.17"]
[Round "3.9"]
[White "Olinici, Ana Theodosia"]
[Black "Cotoara, Laura"]
[Result "1/2-1/2"]
[WhiteElo "1078"]
[BlackElo "1037"]
[PlyCount "94"]
[EventDate "2019.04.15"]
[EventType "swiss"]
[EventRounds "9"]
[EventCountry "ROU"]
[SourceTitle "EXT 2024"]
[Source "ChessBase"]
[SourceDate "2023.10.10"]
[SourceVersion "1"]
[SourceVersionDate "2023.10.10"]
[SourceQuality "1"]

1. e4 e6 2. d4 d5 3. exd5 exd5 4. Qf3 c6 5. Bd3 Bd6 6. Ne2 Ne7 7. Bf4 0-0 8. 0-0 Qc7 9. Bxd6 Qxd6 10. Nd2 Be6 11. Rfe1 Ng6 12. c4 Nd7 13. c5 Qc7 14. Bf5 Nh4 15. Bxh7+ Kxh7 16. Qh5+ Kg8 17. Qxh4 Nf6 18. Nf4 Nh7 19. Nxe6 fxe6 20. Rxe6 Qf7 21. Rae1 Rae8 22. Re7 g6 23. f3 Rxe7 24. Rxe7 g5 25. Rxf7 gxh4 26. Rxf8+ Kxf8 27. Kf2 Kg7 28. Ke3 Kg6 29. Kf4 Nf6 30. g3 hxg3 31. hxg3 Nh5+ 32. Kg4 Nf6+ 33. Kh4 Kh6 34. g4 Kg6 35. f4 b6 36. f5+ Kf7 37. g5 Ng8 38. g6+ Kf6 39. Kg4 Nh6+ 40. Kh5 Nxf5 41. cxb6 axb6 42. Nb3 Ng7+ 43. Kh6 Nf5+ 44. Kh7 Ng7 45. a4 Nf5 46. a5 bxa5 47. Nxa5 Ke6 1/2-1/2

[Event "ROM-ch U10 Girls"]
[Site "Calimanesti Caciulata"]
[Date "2019.04.16"]
[Round "2.15"]
[White "Olinici, Ana Theodosia"]
[Black "Andreica, Alesia"]
[Result "1-0"]
[WhiteElo "1078"]
[BlackElo "1001"]
[PlyCount "67"]
[EventDate "2019.04.15"]
[EventType "swiss"]
[EventRounds "9"]
[EventCountry "ROU"]
[SourceTitle "EXT 2024"]
[Source "ChessBase"]
[SourceDate "2023.10.10"]
[SourceVersion "1"]
[SourceVersionDate "2023.10.10"]
[SourceQuality "1"]

1. e4 e5 2. Nf3 Nc6 3. Bc4 Nf6 4. d3 h6 5. Nbd2 Bc5 6. Nf1 0-0 7. Ng3 d6 8. h3 Na5 9. Bb3 Nxb3 10. axb3 Re8 11. 0-0 Be6 12. Qe2 d5 13. exd5 Bxd5 14. Be3 e4 15. dxe4 Bxe4 16. Bxc5 Bf5 17. Qc4 Bg6 18. Nh4 Bh7 19. Rad1 Qc8 20. Rfe1 Rxe1+ 21. Rxe1 Nd7 22. Nhf5 Bxf5 23. Nxf5 Nxc5 24. Ne7+ Kf8 25. Nxc8 Rxc8 26. Qxc5+ Kg8 27. Qf5 Rf8 28. Re7 g6 29. Qf6 a6 30. Rxc7 b5 31. Ra7 a5 32. Rxa5 b4 33. Rb5 h5 34. Rxb4 1-0